[Event "Oceania zt (Women)"]
[Site "Cammeray"]
[Date "2015.07.05"]
[Round "3"]
[White "Christian, Kashish"]
[Black "Jarek, Katherine"]
[Result "1/2-1/2"]
[WhiteElo "1702"]
[BlackElo "1893"]
[PlyCount "65"]
[EventDate "2015.07.04"]
[EventType "swiss"]
[EventRounds "9"]
[EventCountry "AUS"]
[SourceTitle "CBM 167 Extra"]
[Source "ChessBase"]
[SourceDate "2015.09.14"]
[SourceVersion "1"]
[SourceVersionDate "2015.09.14"]
[SourceQuality "1"]

1. e4 c5 2. Nf3 d6 3. d4 cxd4 4. Nxd4 Nf6 5. Nc3 a6 6. f3 e5 7. Nb3 Be6 8. Be3 b5 9. Be2 Nbd7 10. Qd2 Nb6 11. 0-0 b4 12. Nd1 d5 13. exd5 Nfxd5 14. Bd3 Qc7 15. Qf2 Nxe3 16. Nxe3 Bd6 17. Kh1 0-0 18. Be4 Ra7 19. g4 a5 20. Rg1 a4 21. Qh4 g6 22. Nd2 f6 23. Ndf1 Bc5 24. Rg2 Qf7 25. b3 axb3 26. cxb3 Nd5 27. Nf5 Kh8 28. Rc1 Nc3 29. Nh6 Qe8 30. Qg3 Nxe4 31. fxe4 Bd4 32. Rgc2 Qe7 33. Qh3 1/2-1/2

[Event "Oceania zt (Women)"]
[Site "Cammeray"]
[Date "2015.07.05"]
[Round "2"]
[White "Jarek, Katherine"]
[Black "Lane, Nancy"]
[Result "1/2-1/2"]
[WhiteElo "1893"]
[BlackElo "1913"]
[PlyCount "33"]
[EventDate "2015.07.04"]
[EventType "swiss"]
[EventRounds "9"]
[EventCountry "AUS"]
[SourceTitle "CBM 167 Extra"]
[Source "ChessBase"]
[SourceDate "2015.09.14"]
[SourceVersion "1"]
[SourceVersionDate "2015.09.14"]
[SourceQuality "1"]

1. c4 c6 2. d4 d5 3. e3 Nf6 4. Nc3 e6 5. Nf3 Nbd7 6. Bd3 dxc4 7. Bxc4 b5 8. Bb3 Bd6 9. 0-0 0-0 10. e4 e5 11. d5 cxd5 12. Nxd5 a6 13. Bg5 h6 14. Nxf6+ Nxf6 15. Bh4 Bb7 16. Qe2 Re8 17. Rfd1 1/2-1/2

[Event "Australian Masters (Women)"]
[Site "Melbourne"]
[Date "2013.01.19"]
[Round "6"]
[White "Chibnall, Alana"]
[Black "Jarek, Katherine"]
[Result "1/2-1/2"]
[WhiteElo "1873"]
[BlackElo "1940"]
[PlyCount "110"]
[EventDate "2013.01.14"]
[EventType "tourn"]
[EventRounds "7"]
[EventCountry "AUS"]
[SourceTitle "EXT 2016"]
[Source "ChessBase"]
[SourceDate "2015.10.08"]
[SourceVersion "1"]
[SourceVersionDate "2015.10.08"]
[SourceQuality "1"]

1. e4 c5 2. Nc3 e6 3. f4 d5 4. Nf3 Nf6 5. Bb5+ Bd7 6. Bxd7+ Qxd7 7. e5 Ng8 8. d3 Nc6 9. Ne2 f5 10. c3 Nh6 11. d4 cxd4 12. cxd4 Bb4+ 13. Bd2 Be7 14. 0-0 0-0 15. h3 Kh8 16. Qe1 Nd8 17. Kh1 Ndf7 18. Rg1 Rg8 19. Ng5 Nxg5 20. fxg5 Nf7 21. g4 g6 22. gxf5 exf5 23. Rc1 Nd8 24. Bb4 Ne6 25. Bxe7 Qxe7 26. Qd2 Rgc8 27. Nc3 Qd7 28. Rgd1 Rc4 29. Qe3 Rd8 30. h4 f4 31. Qf2 Rf8 32. Rd3 Rcc8 33. Qf3 Rcd8 34. Rf1 Ng7 35. Ne2 Nh5 36. Kg2 Qf5 37. Qh3 Qe4+ 38. Qf3 Qf5 39. Qh3 Qe4+ 40. Qf3 Qf5 41. Nc3 Qe6 42. Qh3 Rf5 43. Nb5 Ng3 44. Rxf4 Qf7 45. Nd6 Rxd6 46. Rxf5 Nxf5 47. exd6 Qe6 48. Kf2 Qxd6 49. Rf3 Qb4 50. Rxf5 Qxd4+ 51. Kg2 gxf5 52. Qxf5 Qxb2+ 53. Kf3 Qc3+ 54. Kg4 Qc4+ 55. Kf3 Qc3+ 1/2-1/2

[Event "Australian Masters (Women)"]
[Site "Melbourne"]
[Date "2013.01.18"]
[Round "5"]
[White "Jarek, Katherine"]
[Black "Simmonds, Leteisha Simone"]
[Result "1/2-1/2"]
[WhiteElo "1940"]
[BlackElo "1735"]
[PlyCount "118"]
[EventDate "2013.01.14"]
[EventType "tourn"]
[EventRounds "7"]
[EventCountry "AUS"]
[SourceTitle "EXT 2016"]
[Source "ChessBase"]
[SourceDate "2015.10.08"]
[SourceVersion "1"]
[SourceVersionDate "2015.10.08"]
[SourceQuality "1"]

1. Nf3 d5 2. d4 c6 3. g3 Nf6 4. Bg2 Bf5 5. Nbd2 h6 6. c4 e6 7. Qb3 Qb6 8. Qxb6 axb6 9. 0-0 Nbd7 10. b3 Be7 11. Bb2 0-0 12. Ne5 Rfd8 13. a3 dxc4 14. Ndxc4 b5 15. Nxd7 Nxd7 16. Nd2 Bf6 17. e4 Bg6 18. Rfd1 Nb6 19. e5 Be7 20. Ne4 Nd5 21. b4 Bxe4 22. Bxe4 g6 23. Bc2 Ra7 24. Rd3 Rda8 25. Rad1 Nb6 26. Bb3 Nc4 27. Bxc4 bxc4 28. Rc3 b5 29. f4 h5 30. Kf2 Rd7 31. Ke2 Rad8 32. Rcc1 Ra8 33. Ra1 Rda7 34. Kd2 Rd8 35. Kc3 Ra4 36. Rf1 Kg7 37. h3 Rh8 38. Rh1 Kg8 39. Rag1 Ra8 40. Bc1 Kg7 41. g4 hxg4 42. hxg4 Kg8 43. Rxh8+ Kxh8 44. Rh1+ Kg7 45. Rh3 Bd8 46. Kc2 Bb6 47. Bb2 Rd8 48. Rh1 Bxd4 49. Rd1 Bb6 50. Rxd8 Bxd8 51. Bd4 Be7 52. Kc3 Kf8 53. a4 bxa4 54. Kxc4 Ke8 55. Bc5 Bxc5 56. bxc5 Kd7 57. Kb4 Kc7 58. Kxa4 Kb7 59. Kb4 Ka6 1/2-1/2

[Event "Australian Masters (Women)"]
[Site "Melbourne"]
[Date "2013.01.17"]
[Round "4"]
[White "Narenthran, Savithri"]
[Black "Jarek, Katherine"]
[Result "0-1"]
[WhiteElo "1773"]
[BlackElo "1940"]
[PlyCount "104"]
[EventDate "2013.01.14"]
[EventType "tourn"]
[EventRounds "7"]
[EventCountry "AUS"]
[SourceTitle "EXT 2016"]
[Source "ChessBase"]
[SourceDate "2015.10.08"]
[SourceVersion "1"]
[SourceVersionDate "2015.10.08"]
[SourceQuality "1"]

1. e4 c6 2. d4 d5 3. Nc3 dxe4 4. Nxe4 Bf5 5. Ng3 Bg6 6. Nf3 Nf6 7. Bd3 e6 8. Bg5 Qa5+ 9. c3 Nbd7 10. 0-0 Bd6 11. b4 Qc7 12. Rc1 Bxd3 13. Qxd3 h6 14. Bxf6 Nxf6 15. b5 0-0 16. a4 c5 17. dxc5 Bxc5 18. Ne4 Be7 19. Nfd2 Rfd8 20. Qe2 Rac8 21. Nxf6+ Bxf6 22. Ne4 Be5 23. Kh1 Qc4 24. Rfe1 Qxe2 25. Rxe2 Bf4 26. Rce1 Rc4 27. g3 Bc7 28. f3 Rxa4 29. Rc2 Rc4 30. Ra2 Bb6 31. Kg2 Kf8 32. h4 Rd5 33. g4 f5 34. gxf5 exf5 35. Ng3 Rxc3 36. Rae2 Rc7 37. Re5 Rxe5 38. Rxe5 Rc5 39. Rxf5+ Rxf5 40. Nxf5 Bc5 41. Kg3 a5 42. bxa6 bxa6 43. Kf4 a5 44. Ke4 a4 45. Kd3 Kf7 46. Kc4 Kf6 47. Ng3 Be7 48. Ne4+ Ke5 49. Nc3 a3 50. h5 Kf4 51. Kb3 Kxf3 52. Nd5 Bd6 0-1